[Event "9th EUROPEAN  INDIVIDUAL  WOME"]
[Site "Plovdiv, Bulgaria"]
[Date "2008.04.26"]
[Round "6"]
[Board "1"]
[White "Vajda, Szidonia"]
[Black "Gara, Anita"]
[Result "1/2-1/2"]
[WhiteElo "2413"]
[BlackElo "2331"]
[PlyCount "90"]
[EventDate "2008.04.21"]
[EventRounds "11"]
[EventCountry "BUL"]

1.e4 b6 2.d4 Bb7 3.Nd2 e6 4.Ngf3 c5 5.c3 cxd4 6.cxd4 Nf6 7.Bd3 d5 8.e5 Nfd7
9.O-O Ba6 10.Nb1 Be7 11.Nc3 Bxd3 12.Qxd3 a6 13.a3 Nc6 14.b4 b5 15.Nd2 O-O 16.Nb3
f6 17.exf6 Bxf6 18.Re1 Re8 19.Bf4 Nb6 20.Be5 Bxe5 21.dxe5 Qg5 22.Qg3 Qxg3
23.hxg3 Nc4 24.f4 h5 25.Nc5 g6 26.Reb1 Nd2 27.Rd1 Nc4 28.Rdb1 Nd2 29.Rc1 Kf7
30.a4 Nxb4 31.axb5 Rec8 32.Ne2 axb5 33.Rxa8 Rxa8 34.Nd4 Rc8 35.Nxb5 Ke7 36.Rc3
Na2 37.Rc2 Nb4 38.Rxd2 Rxc5 39.Nd4 Nc6 40.Nxc6+ Rxc6 41.Ra2 Kd7 42.Ra7+ Rc7
43.Ra6 Rc6 44.Ra7+ Rc7 45.Ra6 Rc6

[Event "9th EUROPEAN  INDIVIDUAL  WOME"]
[Site "Plovdiv, Bulgaria"]
[Date "2008.04.26"]
[Round "6"]
[Board "1"]
[White "Demina, Julia"]
[Black "Lomineishvili, Maia"]
[Result "1/2-1/2"]
[WhiteElo "2337"]
[BlackElo "2400"]
[PlyCount "122"]
[EventDate "2008.04.21"]
[EventRounds "11"]
[EventCountry "BUL"]

1.Nf3 Nf6 2.c4 g6 3.g3 Bg7 4.Bg2 O-O 5.d4 d6 6.O-O c6 7.Nc3 Bf5 8.Nh4 Be6 9.d5
cxd5 10.cxd5 Bd7 11.Be3 Na6 12.Bd4 Qa5 13.a3 Rfc8 14.b4 Qd8 15.Qd3 Ng4 16.Bxg7
Kxg7 17.Nf3 Qc7 18.Rfc1 Qc4 19.Qd2 Nf6 20.Nd4 Qc7 21.Ne4 Qb6 22.Nxf6 exf6 23.h4
h5 24.Bf3 Rxc1+ 25.Rxc1 Rc8 26.Rxc8 Bxc8 27.Qf4 Nb8 28.g4 hxg4 29.Bxg4 Bxg4
30.Qxg4 Qc7 31.h5 Qd7 32.Qf4 Qe7 33.hxg6 fxg6 34.Ne6+ Kg8 35.Qh6 Nd7 36.Qxg6+
Kh8 37.f4 Nb6 38.Kf2 Nc4 39.b5 Nxa3 40.Qd3 Qh7 41.Qxh7+ Kxh7 42.Nd4 Kg6 43.e4
Nc4 44.Nf5 Kh5 45.Ke2 Kg4 46.Kd3 Na3 47.Nxd6 Kxf4 48.Nxb7 f5 49.d6 fxe4+ 50.Kd2
Nc4+ 51.Kc3 Nb6 52.Kd4 e3 53.Nc5 e2 54.Nd3+ Kf3 55.Kc5 Ke3 56.Ne1 Kd2 57.Ng2
e1=Q 58.Nxe1 Kxe1 59.Kc6 Kd2 60.Kb7 Kc3 61.Kxa7 Nc8+

[Event "9th EUROPEAN  INDIVIDUAL  WOME"]
[Site "Plovdiv, Bulgaria"]
[Date "2008.04.26"]
[Round "6"]
[Board "1"]
[White "Aginian, Nelly"]
[Black "Repkova, Eva"]
[Result "0-1"]
[WhiteElo "2295"]
[BlackElo "2381"]
[PlyCount "148"]
[EventDate "2008.04.21"]
[EventRounds "11"]
[EventCountry "BUL"]

1.e4 d5 2.exd5 Qxd5 3.Nc3 Qa5 4.d4 c6 5.Nf3 Nf6 6.Bc4 Bf5 7.Bd2 e6 8.Nd5 Qd8
9.Nxf6+ gxf6 10.Bb3 Qc7 11.Qe2 Nd7 12.O-O-O O-O-O 13.Nh4 Bg6 14.g3 Bg7 15.Bf4
Qa5 16.Ng2 Nb6 17.h4 h5 18.Bd2 Qb5 19.Qxb5 cxb5 20.Ba5 Bh6+ 21.Kb1 Be4 22.Rhg1
Rd7 23.Rde1 f5 24.Nf4 Bg7 25.Bxb6 axb6 26.d5 e5 27.Nd3 f6 28.Nb4 Bf8 29.Nd3 Bc5
30.Re2 Bxd5 31.Bxd5 Rxd5 32.a3 Rg8 33.Rge1 Rg4 34.Rh1 b4 35.axb4 Bxb4 36.Ka2 Bd6
37.Kb3 Rb5+ 38.Kc3 e4 39.Nc1 Be5+ 40.Kc4 Rxb2 41.Nb3 Rg7 42.Kd5 Rc7 43.Ke6 Rbxc2
44.Rxc2 Rxc2 45.Kxf5 Rb2 46.Nc1 Rxf2+ 47.Kxe4 Bxg3 48.Nd3 f5+ 49.Kd4 Ra2 50.Rc1+
Kb8 51.Rc4 Re2 52.Kd5 Re8 53.Rc3 Bc7 54.Nf2 Re5+ 55.Kd4 Re2 56.Rf3 b5 57.Kd3 Re5
58.Nd1 Rd5+ 59.Kc2 f4 60.Nc3 Rc5 61.Kd3 Be5 62.Ne2 Rc4 63.Rf1 Kc7 64.Ng1 Kc6
65.Nf3 Kd5 66.Rb1 b4 67.Nxe5 Rd4+ 68.Ke2 Kxe5 69.Kf3 Rd3+ 70.Ke2 Re3+ 71.Kf2 b3
72.Rc1 b2 73.Rb1 Rb3 74.Ke2 f3+

[Event "9th EUROPEAN  INDIVIDUAL  WOME"]
[Site "Plovdiv, Bulgaria"]
[Date "2008.04.26"]
[Round "6"]
[Board "1"]
[White "Ciuksyte, Dagne"]
[Black "Kadimova, Ilaha"]
[Result "1/2-1/2"]
[WhiteElo "2380"]
[BlackElo "2308"]
[PlyCount "58"]
[EventDate "2008.04.21"]
[EventRounds "11"]
[EventCountry "BUL"]

1.e4 c6 2.d4 d5 3.exd5 cxd5 4.Bd3 Nc6 5.c3 Nf6 6.h3 e6 7.Ne2 Bd6 8.Bf4 O-O 9.O-O
e5 10.dxe5 Nxe5 11.Bc2 h6 12.Nd2 Re8 13.Re1 Qc7 14.Bg3 Bd7 15.Nd4 Nc4 16.Bxd6
Qxd6 17.b3 Rxe1+ 18.Qxe1 Re8 19.Qd1 Ne5 20.N2f3 Ne4 21.Nxe5 Qxe5 22.Qd3 Qc7
23.c4 dxc4 24.bxc4 Qf4 25.Nf3 Nf6 26.Nd4 Ne4 27.Nf3 Nf6 28.Nd4 Ne4 29.Nf3 Nf6

[Event "9th EUROPEAN  INDIVIDUAL  WOME"]
[Site "Plovdiv, Bulgaria"]
[Date "2008.04.26"]
[Round "6"]
[Board "1"]
[White "Mamedjarova, Zeinab"]
[Black "Turova, Irina"]
[Result "1/2-1/2"]
[WhiteElo "2322"]
[BlackElo "2380"]
[PlyCount "125"]
[EventDate "2008.04.21"]
[EventRounds "11"]
[EventCountry "BUL"]

1.d4 Nf6 2.Nf3 e6 3.Bf4 c5 4.e3 Qb6 5.Qc1 Nc6 6.c3 d5 7.Bd3 Bd7 8.O-O Rc8 9.Qd2
Be7 10.dxc5 Bxc5 11.Qe2 O-O 12.Nbd2 Rfe8 13.Ne5 a6 14.Ndf3 Nxe5 15.Nxe5 Bb5
16.Bxb5 axb5 17.a3 Bd6 18.Rad1 Ne4 19.Nf3 {Diagram #} Bxa3 20.bxa3 Nxc3 21.Qb2
Nxd1 22.Rxd1 f6 23.h4 Rc4 24.h5 h6 {Diagram #} 25.Bxh6 e5 26.Rxd5 gxh6 27.Rxb5
Qe6 28.Rb6 Rc1+ 29.Kh2 Rc6 30.Rxb7 Re7 31.Rb8+ Re8 32.Rb4 Rc4 33.Rb6 Rc6 34.Rxc6
Qxc6 35.Qb1 e4 36.Nd4 Qd6+ 37.Kg1 Qxa3 38.Nf5 Qf8 39.Qb3+ Kh8 40.Qb7 Kg8 41.Qd5+
Kh7 42.Qd7+ Kh8 43.Nxh6 Re7 44.Qd6 Re8 45.Qf4 Re5 46.Nf5 Qf7 47.Ng3 Qe6 48.Qh6+
Kg8 49.Qg6+ Kh8 50.Qh6+ Kg8 51.Qf4 Kh7 52.Qh4 Kh8 53.Ne2 Rg5 54.Nf4 Qg4 55.Qxg4
Rxg4 56.Kf1 f5 57.Kg1 Rg8 58.Kh2 Kg7 59.Kh3 Rb8 60.Kg3 Rg8 61.Kh3 Rc8 62.Kg3 Rg8
63.Kh3

[Event "9th EUROPEAN  INDIVIDUAL  WOME"]
[Site "Plovdiv, Bulgaria"]
[Date "2008.04.26"]
[Round "6"]
[Board "1"]
[White "Stepovaia, Tatiana"]
[Black "Juergens, Vera"]
[Result "1-0"]
[WhiteElo "2378"]
[BlackElo "2302"]
[PlyCount "106"]
[EventDate "2008.04.21"]
[EventRounds "11"]
[EventCountry "BUL"]

1.e4 e5 2.Nf3 Nc6 3.d4 exd4 4.Nxd4 Bc5 5.Nxc6 Qf6 6.Qd2 dxc6 7.Nc3 Be6 8.Na4 Rd8
9.Bd3 Bd4 10.O-O Ne7 11.Kh1 O-O 12.Qg5 Qxg5 13.Bxg5 f6 14.Bf4 b5 15.Nc3 Rd7
16.Bc1 f5 17.f3 Bxc3 18.bxc3 fxe4 19.Bxe4 Bf5 20.Bxf5 Rxf5 21.Be3 a6 22.g4 Re5
23.Rfe1 Nd5 24.Bd4 Ree7 25.h4 Kf7 26.Kg2 Rxe1 27.Rxe1 b4 28.Kg3 bxc3 29.a3 Nb4
30.Bxg7 Nxc2 31.Rc1 Nxa3 32.Bxc3 Nb5 33.Be5 Rd5 34.Kf4 c5 35.Ra1 Nd4 36.Ke4 c6
37.f4 Nb5 38.Rxa6 Nd6+ 39.Kf3 Nb5 40.g5 c4 41.Rxc6 Nd4+ 42.Bxd4 Rxd4 43.Kg4 Ke7
44.Kf5 Kd7 45.Ke5 Rxf4 46.Kxf4 Kxc6 47.h5 Kd5 48.g6 hxg6 49.h6 Kd4 50.h7 c3
51.h8=Q+ Kd3 52.Qh3+ Kd2 53.Qe3+ Kc2

[Event "9th EUROPEAN  INDIVIDUAL  WOME"]
[Site "Plovdiv, Bulgaria"]
[Date "2008.04.26"]
[Round "6"]
[Board "1"]
[White "Voicu, Carmen"]
[Black "Foisor, Sabina Francesca"]
[Result "1-0"]
[WhiteElo "2290"]
[BlackElo "2375"]
[PlyCount "89"]
[EventDate "2008.04.21"]
[EventRounds "11"]
[EventCountry "BUL"]

1.e4 c5 2.Nf3 Nc6 3.d3 e6 4.g3 d5 5.Qe2 Nf6 6.Bg2 Be7 7.O-O O-O 8.e5 Ne8 9.c4
Nc7 10.Nc3 a6 11.b3 b5 12.Rd1 f6 13.Bf4 g5 14.Bd2 f5 15.h3 d4 16.Nb1 Bb7 17.Bc1
Ne8 18.Nbd2 Ng7 19.g4 Qc7 20.Nf1 h6 21.N1h2 Kh7 22.Re1 Rf7 23.h4 Qd8 24.hxg5
hxg5 25.gxf5 Nxf5 26.Nxg5+ Bxg5 27.Qh5+ Kg8 28.Bxg5 Qf8 29.Ng4 Qg7 30.Nh6+ Nxh6
31.Bxh6 Qh7 32.Be4 Rf5 33.Bxf5 Qxf5 34.Qxf5 exf5 35.e6 Nb4 36.Rad1 bxc4 37.bxc4
Nxa2 38.Re5 Kh7 39.e7 Bc6 40.Bf8 Kg8 41.Rxf5 Nc3 42.Re1 Na4 43.Re6 Be8 44.Ref6
Kh7 45.Rg5

[Event "9th EUROPEAN  INDIVIDUAL  WOME"]
[Site "Plovdiv, Bulgaria"]
[Date "2008.04.26"]
[Round "6"]
[Board "1"]
[White "Vojinovic, Jovana"]
[Black "Kovanova, Baira"]
[Result "0-1"]
[WhiteElo "2217"]
[BlackElo "2372"]
[PlyCount "49"]
[EventDate "2008.04.21"]
[EventRounds "11"]
[EventCountry "BUL"]

1.d4 Nf6 2.c4 e6 3.Nc3 Bb4 4.e3 O-O 5.Nge2 d5 6.cxd5 exd5 7.g3 c6 8.Bg2 a5 9.O-O
Re8 10.f3 Na6 11.Kh1 b6 12.a3 Bf8 13.Qc2 c5 14.Bd2 Bb7 15.Rad1 Rc8 16.Bc1 cxd4
17.Nxd4 Nc5 18.Qf2 Bd6 19.Nde2 Nb3 20.Nd4 Nxd4 21.exd4 Bxa3 22.Nxd5 Nxd5 23.bxa3
Ba6 24.Rfe1 Rxe1+ {....} 25.Qxe1

[Event "9th EUROPEAN  INDIVIDUAL  WOME"]
[Site "Plovdiv, Bulgaria"]
[Date "2008.04.26"]
[Round "6"]
[Board "1"]
[White "Zimina, Olga"]
[Black "Zakurdjaeva, Irina"]
[Result "1-0"]
[WhiteElo "2363"]
[BlackElo "2296"]
[PlyCount "39"]
[EventDate "2008.04.21"]
[EventRounds "11"]
[EventCountry "BUL"]

1.e4 e5 2.Nf3 Nc6 3.d4 exd4 4.Nxd4 Bc5 5.Be3 Nxd4 6.Bxd4 Bxd4 7.Qxd4 Qg5 8.Nc3
c6 9.h4 Qh6 10.g4 Qf6 11.e5 Qe6 12.O-O-O d5 13.exd6 Qxg4 14.f4 Bd7 15.Bh3 Qg6
16.Rhe1+ Kd8 17.Bxd7 Kxd7 18.Na4 b6 19.Nxb6+ axb6 20.Qxb6

[Event "9th EUROPEAN  INDIVIDUAL  WOME"]
[Site "Plovdiv, Bulgaria"]
[Date "2008.04.26"]
[Round "6"]
[Board "1"]
[White "Molchanova, Tatjana"]
[Black "Schuurman, Petra"]
[Result "1/2-1/2"]
[WhiteElo "2359"]
[BlackElo "2295"]
[PlyCount "97"]
[EventDate "2008.04.21"]
[EventRounds "11"]
[EventCountry "BUL"]

1.e4 c6 2.d4 d5 3.e5 Bf5 4.Nf3 e6 5.Be2 Nd7 6.O-O Bg6 7.Nbd2 Nh6 8.Nb3 Be7 9.Bd2
O-O 10.Rc1 c5 11.c4 dxc4 12.Nxc5 b5 13.b3 Nxc5 14.dxc5 Bxc5 15.bxc4 b4 16.Be3
Qb6 17.Bxc5 Qxc5 18.Qd4 Rac8 19.Rfd1 a5 20.Nh4 Nf5 21.Nxf5 Bxf5 22.h4 h6 23.Qf4
a4 24.Bd3 Bxd3 25.Rxd3 f6 26.exf6 Rxf6 27.Qe3 Qxe3 28.fxe3 Rc5 29.Rd8+ Rf8
30.Rxf8+ Kxf8 31.Kf2 Ke7 32.Ke2 Kd6 33.Kd3 Rf5 34.g4 Rf2 35.c5+ Kc6 36.Rc4 Rxa2
37.Rxb4 Kxc5 38.Rb7 g6 39.Rg7 Rh2 40.Rxg6 Rxh4 41.Rxe6 Rh2 42.Kc3 a3 43.Re5+ Kd6
44.Ra5 a2 45.Kb3 Re2 46.Rxa2 Rxe3+ 47.Kc4 Re4+ 48.Kd3 Rxg4 49.Ra6+

[Event "9th EUROPEAN  INDIVIDUAL  WOME"]
[Site "Plovdiv, Bulgaria"]
[Date "2008.04.26"]
[Round "6"]
[Board "1"]
[White "Milliet, Sophie"]
[Black "Isgandarova, Khayala"]
[Result "1/2-1/2"]
[WhiteElo "2354"]
[BlackElo "2193"]
[PlyCount "60"]
[EventDate "2008.04.21"]
[EventRounds "11"]
[EventCountry "BUL"]

1.e4 c6 2.d4 d5 3.Nc3 dxe4 4.Nxe4 Nf6 5.Nxf6+ gxf6 6.Bc4 Bf5 7.Ne2 e6 8.c3 Bd6
9.Ng3 Bg6 10.Qf3 Nd7 11.Bh6 Rg8 12.h4 Qb6 13.Bb3 Bxg3 14.fxg3 Bf5 15.O-O O-O-O
16.Kh2 Kb8 17.Be3 Ka8 18.c4 c5 19.dxc5 Nxc5 20.Rad1 Rxd1 21.Bxd1 Qd6 22.Qf4 Ne4
23.Qxd6 Nxd6 24.b3 Ne4 25.Bf3 Nxg3 26.Rd1 e5 27.Bf2 Ne4 28.Be3 Ng3 29.Bf2 Ne4
30.Be3 Ng3

[Event "9th EUROPEAN  INDIVIDUAL  WOME"]
[Site "Plovdiv, Bulgaria"]
[Date "2008.04.26"]
[Round "6"]
[Board "1"]
[White "Jackova, Jana"]
[Black "Bulmaga, Irina"]
[Result "1/2-1/2"]
[WhiteElo "2345"]
[BlackElo "2106"]
[PlyCount "75"]
[EventDate "2008.04.21"]
[EventRounds "11"]
[EventCountry "BUL"]

1.e4 c6 2.Nc3 d5 3.Nf3 Bg4 4.h3 Bxf3 5.Qxf3 Nf6 6.Be2 e6 7.O-O Bd6 8.d4 dxe4
9.Nxe4 Nxe4 10.Qxe4 Nd7 11.Qg4 O-O 12.Bh6 Qf6 13.Bg5 Qg6 14.Bd3 f5 15.Qh4 Rae8
16.Rfe1 e5 17.Bc4+ Kh8 18.dxe5 Nxe5 19.Be2 Nf7 20.Bd2 Be7 21.Qh5 Qxh5 22.Bxh5
Kg8 23.Bc3 Bc5 24.Rad1 Rxe1+ 25.Bxe1 g6 26.Be2 Rd8 27.Rxd8+ Nxd8 28.Bc4+ Kf8
29.b4 Bd4 30.g4 fxg4 31.hxg4 Ke7 32.Bd2 Nf7 33.Kg2 Nd6 34.Bd3 Ke6 35.c3 Bg7
36.c4 Bd4 37.c5 Nb5 38.Bc4+

[Event "9th EUROPEAN  INDIVIDUAL  WOME"]
[Site "Plovdiv, Bulgaria"]
[Date "2008.04.26"]
[Round "6"]
[Board "1"]
[White "Voiska, Margarita"]
[Black "Butuc, Maria"]
[Result "1-0"]
[WhiteElo "2339"]
[BlackElo "2137"]
[PlyCount "89"]
[EventDate "2008.04.21"]
[EventRounds "11"]
[EventCountry "BUL"]

1.d4 d5 2.Nf3 Nf6 3.c4 c6 4.cxd5 cxd5 5.Nc3 Nc6 6.Bf4 a6 7.Rc1 Bf5 8.e3 Rc8
9.Be2 e6 10.O-O Bd6 11.Bxd6 Qxd6 12.Na4 O-O 13.Nc5 Rc7 14.Qa4 Rfc8 15.Rc3 Ne4
16.Nxe4 Bxe4 17.Rfc1 h6 18.Rc5 Kh7 19.Qb3 Nb8 20.Qc3 Rxc5 21.dxc5 Qe7 22.b4 Nd7
23.Nd2 Bg6 24.h3 Nf6 25.Bd3 e5 26.Bxg6+ fxg6 27.Nf3 e4 28.Nd4 Nd7 29.Qb3 Qf7
30.Rc2 Ne5 31.Ne2 Rd8 32.a4 Nd3 33.Nc1 Ne5 34.b5 axb5 35.axb5 Qe6 36.Ne2 Qf6
37.Nd4 Qg5 38.Kh2 Nd3 39.f4 Nxf4 40.exf4 Qxf4+ 41.Qg3 Qf6 42.Qe3 Rc8 43.c6 bxc6
44.bxc6 Qd6+ 45.g3

[Event "9th EUROPEAN  INDIVIDUAL  WOME"]
[Site "Plovdiv, Bulgaria"]
[Date "2008.04.26"]
[Round "6"]
[Board "1"]
[White "Komiagina, Maria"]
[Black "Collas, Silvia"]
[Result "1/2-1/2"]
[WhiteElo "2285"]
[BlackElo "2395"]
[PlyCount "75"]
[EventDate "2008.04.21"]
[EventRounds "11"]
[EventCountry "BUL"]

1.e4 c5 2.Nf3 e6 3.d4 cxd4 4.Nxd4 a6 5.Nc3 Qc7 6.Bd3 Bc5 7.Nb3 Be7 8.Qg4 g6
9.Qe2 d6 10.O-O Nc6 11.f4 Nf6 12.f5 O-O 13.Bh6 Re8 14.Bg5 Qd8 15.Rf2 Nxe4
16.fxg6 fxg6 17.Nxe4 Bxg5 18.Raf1 Ne5 19.Nd4 Ra7 20.Nf3 Nxf3+ 21.Rxf3 b6 22.Qf2
Be7 23.Rf7 d5 24.Nf6+ {Diagram #} Kxf7 25.Nh5+ Bf6 26.Nxf6 Kg7 27.Nxe8+ Qxe8
28.Qxb6 Qe7 29.Qd4+ Kg8 30.Kh1 Rd7 31.Re1 Qd6 32.c3 Rf7 33.Re5 Qf8 34.Kg1 Qh6
35.Qe3 Qh4 36.b3 Qd8 37.Qc5 Kg7 38.Qd4

[Event "9th EUROPEAN  INDIVIDUAL  WOME"]
[Site "Plovdiv, Bulgaria"]
[Date "2008.04.26"]
[Round "6"]
[Board "1"]
[White "Srebrnic, Ana"]
[Black "Vasilevich, Irina"]
[Result "0-1"]
[WhiteElo "2283"]
[BlackElo "2395"]
[PlyCount "72"]
[EventDate "2008.04.21"]
[EventRounds "11"]
[EventCountry "BUL"]

1.Nf3 Nf6 2.c4 e6 3.Nc3 d5 4.cxd5 exd5 5.d4 Bb4 6.Bg5 Nbd7 7.Nd2 Bxc3 8.bxc3 c5
9.Qa4 O-O 10.e3 Nb6 11.Qa3 cxd4 12.cxd4 h6 13.Bh4 Be6 14.Rc1 g5 15.Bg3 Rc8
16.Rxc8 Qxc8 17.Bd3 Nc4 18.Nxc4 dxc4 19.Bc2 Bf5 20.Bxf5 Qxf5 21.O-O Rc8 22.f3
Qd3 23.Qxd3 cxd3 24.Rd1 Rc3 25.e4 b5 26.d5 Nd7 27.Bd6 a5 28.e5 Nb6 29.e6 fxe6
30.dxe6 Nc4 31.Bg3 Nb2 32.e7 Kf7 33.e8=Q+ Kxe8 34.Re1+ Kf7 35.Be5 b4 {Diagram #}
36.Bxc3 bxc3

[Event "9th EUROPEAN  INDIVIDUAL  WOME"]
[Site "Plovdiv, Bulgaria"]
[Date "2008.04.26"]
[Round "6"]
[Board "1"]
[White "Cosma, Elena Luminita"]
[Black "Calzetta, Monica"]
[Result "1-0"]
[WhiteElo "2374"]
[BlackElo "2264"]
[PlyCount "39"]
[EventDate "2008.04.21"]
[EventRounds "11"]
[EventCountry "BUL"]

1.d4 Nf6 2.Nf3 c5 3.d5 b5 4.Bg5 Qb6 5.Bxf6 Qxf6 6.c3 d6 7.e4 a6 8.a4 b4 9.cxb4
Qxb2 10.Nbd2 Qxb4 11.Rb1 Qa5 12.e5 Bf5 13.Rb7 Nd7 14.Nh4 Bg6 15.Nxg6 hxg6 16.e6
Nf6 17.Qb1 Nxd5 18.Rb8+ Rxb8 19.Qxb8+ Qd8 20.Bb5+

[Event "9th EUROPEAN  INDIVIDUAL  WOME"]
[Site "Plovdiv, Bulgaria"]
[Date "2008.04.26"]
[Round "6"]
[Board "1"]
[White "Mamedjarova, Turkan"]
[Black "Foisor, Cristina Adela"]
[Result "1/2-1/2"]
[WhiteElo "2271"]
[BlackElo "2364"]
[PlyCount "80"]
[EventDate "2008.04.21"]
[EventRounds "11"]
[EventCountry "BUL"]

1.d4 Nf6 2.Nf3 g6 3.c4 Bg7 4.Nc3 O-O 5.e3 c5 6.Be2 cxd4 7.exd4 d5 8.c5 Nc6 9.O-O
Ne4 10.Be3 b6 11.Bb5 Nxc3 12.bxc3 Na5 13.cxb6 axb6 14.Qe2 Qc7 15.Bg5 Ra7 16.Rfe1
e6 17.Rac1 Nc4 18.Bxc4 dxc4 19.Rb1 Bb7 20.Rb4 Bd5 21.Reb1 Rfa8 22.Rxb6 h6 23.Bh4
Rxa2 24.Qe3 Bxf3 25.gxf3 Ra1 26.Kg2 Rxb1 27.Rxb1 Ra3 28.Bg3 Qe7 29.Rb8+ Kh7
30.Rc8 Ra7 31.Rxc4 Qd7 32.Rb4 Ra1 33.Qe4 Qd5 34.Qxd5 exd5 35.Rb7 Kg8 36.Bd6 Ra8
37.Be7 Bf8 38.Bb4 Bxb4 39.cxb4 Rc8 40.Rb5 Rc4

[Event "9th EUROPEAN  INDIVIDUAL  WOME"]
[Site "Plovdiv, Bulgaria"]
[Date "2008.04.26"]
[Round "6"]
[Board "1"]
[White "Raeva, Elitsa"]
[Black "Dworakowska, Joanna"]
[Result "1/2-1/2"]
[WhiteElo "2258"]
[BlackElo "2335"]
[PlyCount "123"]
[EventDate "2008.04.21"]
[EventRounds "11"]
[EventCountry "BUL"]

1.d4 d5 2.c4 c6 3.Nc3 e6 4.cxd5 exd5 5.Nf3 Bf5 6.Bf4 Bd6 7.Bg3 Bxg3 8.hxg3 Qb6
9.Qd2 Nd7 10.e3 Ne7 11.Nh4 Nf6 12.Nxf5 Nxf5 13.Bd3 Nd6 14.Rb1 O-O 15.Qe2 Nde4
16.Bxe4 dxe4 17.g4 h6 18.Kf1 Rfe8 19.g3 Qa5 20.Kg2 Rad8 21.b4 Qg5 22.Rh4 Rd6
23.a4 b6 24.Rc1 Rxd4 25.exd4 Qxc1 26.g5 Qxg5 27.Nxe4 Qd5 28.f3 Nh7 29.Qd2 Qd7
30.a5 bxa5 31.bxa5 Qd5 32.Rh1 f5 33.Nc5 Ng5 34.Rf1 Qc4 35.Qd3 Qd5 36.Rf2 Nf7
37.Rb2 g5 38.Rb7 g4 39.Qb3 gxf3+ 40.Kf1 Qxb3 41.Nxb3 a6 42.Rb6 Re2 43.Rxc6 Ng5
44.Rc3 Rb2 45.Nc5 Ra2 46.d5 Ne4 47.Nxe4 fxe4 48.d6 Kf7 49.Rc7+ Ke6 50.Re7+ Kf5
51.d7 Rd2 52.Ke1 Rd6 53.Kf2 Rd3 54.Ke1 Rd5 55.Kf2 h5 56.Ke3 Rd3+ 57.Kf2 Rd1
58.Ke3 Kg5 59.Re5+ Kf6 60.Kxe4 Rxd7 61.Rf5+ Ke6 62.Rxf3

[Event "9th EUROPEAN  INDIVIDUAL  WOME"]
[Site "Plovdiv, Bulgaria"]
[Date "2008.04.26"]
[Round "6"]
[Board "1"]
[White "Benderac, Ana"]
[Black "Umudova, Nargiz"]
[Result "1-0"]
[WhiteElo "2334"]
[BlackElo "2222"]
[PlyCount "63"]
[EventDate "2008.04.21"]
[EventRounds "11"]
[EventCountry "BUL"]

1.d4 Nf6 2.c4 g6 3.Nc3 Bg7 4.e4 d6 5.f3 O-O 6.Be3 e5 7.Nge2 c6 8.d5 cxd5 9.cxd5
Nh5 10.Qd2 f5 11.O-O-O f4 12.Bf2 a6 13.Kb1 b5 14.Nc1 Bd7 15.Qc2 Be8 16.b4 a5
17.bxa5 Qxa5 18.Nb3 Qc7 19.Rc1 Qb7 20.Qe2 Na6 21.Nxb5 Nb4 22.Rc7 Qb8 23.Ra7 Bxb5
24.Qxb5 Qxb5 25.Bxb5 Rxa7 26.Bxa7 Ra8 27.Bf2 Nxa2 28.Kb2 Nb4 29.Ra1 Rb8 30.Bc4
Nf6 31.Ra4 Nd7 32.Kc3

[Event "9th EUROPEAN  INDIVIDUAL  WOME"]
[Site "Plovdiv, Bulgaria"]
[Date "2008.04.26"]
[Round "6"]
[Board "1"]
[White "Galojan, Lilit"]
[Black "Danelia, Mariam"]
[Result "1-0"]
[WhiteElo "2324"]
[BlackElo "2129"]
[PlyCount "99"]
[EventDate "2008.04.21"]
[EventRounds "11"]
[EventCountry "BUL"]

1.d4 Nf6 2.c4 g6 3.f3 d5 4.cxd5 Nxd5 5.e4 Nb6 6.Nc3 Bg7 7.Be3 O-O 8.Qd2 f5
9.O-O-O Nc6 10.e5 Nb4 11.h4 N4d5 12.Nh3 Be6 13.Nf4 Nxf4 14.Bxf4 Nd5 15.h5 Nxc3
16.bxc3 c6 17.Bg5 b5 18.h6 Bh8 19.f4 Re8 20.Be2 Qa5 21.Kb1 Rab8 22.Ka1 Rb6
23.Rb1 Kf8 24.Rb2 Ra6 25.Rc1 Qa4 26.Qc2 Rd8 27.Qxa4 Rxa4 28.Bf3 Ra6 29.Rcc2 Rb6
30.a4 a6 31.a5 Rb7 32.Bxc6 Rc7 33.Bf3 Rc4 34.Rb4 Rdxd4 35.cxd4 Rxc2 36.d5 Bd7
37.Kb1 Rc5 38.Rb2 Rc4 39.Rc2 Rxc2 40.Kxc2 Ke8 41.Kc3 Bc8 42.Kd4 Kd7 43.Kc5 Bb7
44.Kb6 Bc8 45.Bd1 b4 46.Bb3 Ke8 47.Kc5 Bb7 48.Kxb4 Kd7 49.Ba4+ Kc8 50.Kc5

[Event "9th EUROPEAN  INDIVIDUAL  WOME"]
[Site "Plovdiv, Bulgaria"]
[Date "2008.04.26"]
[Round "6"]
[Board "1"]
[White "Papadopoulou, Vera"]
[Black "Akatova, Ekaterina"]
[Result "1-0"]
[WhiteElo "2199"]
[BlackElo "2320"]
[PlyCount "87"]
[EventDate "2008.04.21"]
[EventRounds "11"]
[EventCountry "BUL"]

1.d4 Nf6 2.c4 g6 3.Nc3 Bg7 4.e4 d6 5.Be2 O-O 6.Bg5 c5 7.d5 a6 8.a4 Re8 9.Qd2 Qa5
10.Ra3 e6 11.Nf3 exd5 12.exd5 Bg4 13.O-O Qb4 14.a5 Ne4 15.Nxe4 Rxe4 16.Bd3 Bxf3
17.gxf3 Rd4 18.Qxb4 cxb4 19.Rb3 Nd7 20.Be2 Re8 21.Be3 Rh4 22.Rxb4 Nc5 23.Rb6 Na4
24.Rxb7 Nxb2 25.c5 dxc5 26.d6 Bf6 27.d7 Ra8 28.Rc7 Rd8 29.Bxc5 Nc4 30.Bxc4 Rxc4
31.Re1 Rxc5 32.Rxc5 Rxd7 33.Rc6 Kg7 34.Rxa6 Rd5 35.Re2 Rd1+ 36.Kg2 Ra1 37.Ra8 h5
38.a6 Bd4 39.Re4 Bc5 40.Rc8 Bb6 41.Rc6 Rxa6 42.f4 Kh7 43.Rd4 h4 44.h3

[Event "9th EUROPEAN  INDIVIDUAL  WOME"]
[Site "Plovdiv, Bulgaria"]
[Date "2008.04.26"]
[Round "6"]
[Board "1"]
[White "Cherednichenko, Elena"]
[Black "Sharevich, Anna"]
[Result "1/2-1/2"]
[WhiteElo "2155"]
[BlackElo "2311"]
[PlyCount "136"]
[EventDate "2008.04.21"]
[EventRounds "11"]
[EventCountry "BUL"]

1.d4 d5 2.Nf3 Nf6 3.e3 Bf5 4.c4 e6 5.Nc3 c6 6.Nh4 dxc4 7.Nxf5 exf5 8.Bxc4 Bd6
9.Qf3 g6 10.O-O Qe7 11.Bd3 Nbd7 12.g3 Bb4 13.a3 Bxc3 14.bxc3 Ne4 15.c4 O-O
16.Qe2 c5 17.Bb2 Rfe8 18.Qc2 Ng5 19.Kg2 cxd4 20.h4 Ne6 21.exd4 f4 22.Rfe1 Qd6
23.Qc3 Ng7 24.Rxe8+ Rxe8 25.Re1 Rxe1 26.Qxe1 Qf6 27.Qb4 fxg3 28.fxg3 b6 29.d5
Qd8 30.Qc3 f6 31.Qe1 Nc5 32.Bc2 Qd6 33.Qe3 Nd7 34.a4 Ne5 35.Qd4 h5 36.Qf4 Kf7
37.Bc3 a5 38.Qd4 Nd7 39.Qd3 Nf5 40.Qf3 Nh6 41.Qe3 Ng4 42.Qe6+ Qxe6 43.dxe6+ Kxe6
44.Bxg6 Ne3+ 45.Kf3 Nxc4 46.Bxh5 Nc5 47.Be8 Ke7 48.Bc6 Ne5+ 49.Bxe5 fxe5 50.g4
Kf6 51.Ke3 Kg6 52.Kd2 Kf6 53.Kc3 Ne6 54.Kc4 Kg6 55.Be4+ Kh6 56.Kd5 Nc5 57.Bc2 e4
58.Kd4 Kg7 59.g5 Kf7 60.Bxe4 Nxa4 61.h5 Nc5 62.Bd5+ Kg7 63.Kc4 Nd7 64.Kb5 Nf8
65.Kxb6 Nh7 66.h6+ Kg6 67.Be4+ Kxg5 68.Bxh7 Kxh6

[Event "9th EUROPEAN  INDIVIDUAL  WOME"]
[Site "Plovdiv, Bulgaria"]
[Date "2008.04.26"]
[Round "6"]
[Board "1"]
[White "Bogumil, Tatiana"]
[Black "Paulet, Iozefina"]
[Result "1/2-1/2"]
[WhiteElo "2194"]
[BlackElo "2308"]
[PlyCount "122"]
[EventDate "2008.04.21"]
[EventRounds "11"]
[EventCountry "BUL"]

1.d4 Nf6 2.Nf3 e6 3.g3 b6 4.Bg2 Bb7 5.O-O c5 6.c4 cxd4 7.Qxd4 Nc6 8.Qd1 Be7
9.Nc3 d6 10.b3 O-O 11.e4 a6 12.Qe2 Qc7 13.Rd1 Rfe8 14.h3 Rac8 15.Be3 Nd7 16.Rac1
Qb8 17.Qd2 Ba8 18.Bg5 Bf8 19.Bf4 Nde5 20.a4 Red8 21.Bg5 Re8 22.Be3 Na5 23.Nd4
Nac6 24.Rb1 Nb4 25.Na2 Nxa2 26.Qxa2 Nc6 27.Nxc6 Bxc6 28.a5 bxa5 29.Qxa5 Qa8
30.Rb2 Rb8 31.Bf4 Red8 32.Qe1 Qb7 33.Bd2 Rdc8 34.Ba5 Be7 35.Rd3 Re8 36.Re2 Bf8
37.Qd1 h6 38.Kh2 Qa7 39.Qd2 Qc5 40.Qc3 Rec8 41.b4 Qa7 42.Qd4 Qb7 43.Red2 e5
44.Qe3 Bd7 45.Rc3 Be6 46.Bf1 Be7 47.f4 f6 48.f5 Bf7 49.c5 dxc5 50.bxc5 Be8
51.Bc4+ Kh7 52.Be6 Bc6 53.Bd5 Bd8 54.Bxd8 Rxd8 55.Rb3 Qc7 56.Rb6 Bb5 57.Qf2 Rdc8
58.Rxb8 Rxb8 59.Rc2 Bc6 60.Qd2 Ba4 61.Rc1 Bc6

[Event "9th EUROPEAN  INDIVIDUAL  WOME"]
[Site "Plovdiv, Bulgaria"]
[Date "2008.04.26"]
[Round "6"]
[Board "1"]
[White "Minina, Veronika"]
[Black "Djingarova, Emilia"]
[Result "0-1"]
[WhiteElo "2148"]
[BlackElo "2301"]
[PlyCount "50"]
[EventDate "2008.04.21"]
[EventRounds "11"]
[EventCountry "BUL"]

1.Nf3 d5 2.d4 Nf6 3.c4 c6 4.Qc2 dxc4 5.Qxc4 Bf5 6.e3 e6 7.g3 Nbd7 8.Bg2 Be7
9.O-O O-O 10.Nc3 Ne4 11.Nd2 Nd6 12.Qe2 e5 13.dxe5 Nxe5 14.e4 Bg4 15.f3 Be6
16.Rd1 Qb6+ 17.Kh1 Rad8 18.b3 Nb5 19.Nxb5 Qxb5 20.Bf1 Qxe2 21.Bxe2 Nd3 22.Kg2
Bh3+ 23.Kxh3 Nf2+ 24.Kg2 Nxd1 25.Bxd1 Bb4

[Event "9th EUROPEAN  INDIVIDUAL  WOME"]
[Site "Plovdiv, Bulgaria"]
[Date "2008.04.26"]
[Round "6"]
[Board "1"]
[White "Padurariu, Ioana Smaranda"]
[Black "Kursova, Maria"]
[Result "0-1"]
[WhiteElo "2242"]
[BlackElo "2322"]
[PlyCount "85"]
[EventDate "2008.04.21"]
[EventRounds "11"]
[EventCountry "BUL"]

1.e4 c5 2.Nc3 e6 3.Nf3 a6 4.d4 cxd4 5.Nxd4 Qc7 6.Bd3 Nf6 7.Qe2 d6 8.Bd2 Nbd7
9.O-O Be7 10.Kh1 O-O 11.f4 Nc5 12.b4 Nxd3 13.cxd3 b6 14.Rfc1 Qd7 15.a4 Bb7
16.Be3 Rfc8 17.Nb3 Qd8 18.a5 b5 19.Bb6 Qe8 20.Na2 Nd7 21.Bd4 e5 22.fxe5 Nxe5
23.Bxe5 dxe5 24.Nc5 Bc6 25.Rc3 Rd8 26.Rac1 Rd6 27.R1c2 Qb8 28.Nc1 Qa7 29.N1b3
Rad8 30.Nd2 Qa8 31.Nf3 Be8 32.Nb7 {Diagram #} Qxb7 33.Rc7 Qb8 34.Rxe7 Kf8
35.Rcc7 Bd7 36.Rcxd7 R6xd7 37.Rxd7 Rxd7 38.h3 Qd6 39.Qb2 f6 40.Ne1 g6 41.Qc3 Rc7
42.Qd2 Kg7 43.Qb2